000 00733nam a2200229 i 4500
001 bgj
100 1 _aMÜLLER, Helmut M.
245 1 0 _aSchlaglichter der deutschen Geschichte /
_cHelmut M. Müller ; In zusammenarbeit mit Karl Friedrich Krieger, Hanna Vollrath und Meyers Lexikonredaktion.
260 _aBonn :
_bBundeszentrale für politische Bildung,
_c1993.
300 _a480 S. :
_bill. ;
_c23 cm.
505 _aRegister.
651 9 _aDeutschland
_xGeschichte
700 1 _aKRIEGER, Karl Friedrich
700 1 _aVOLLRATH, Hanna
710 p 0 _aMeyers Lexikonredaktion
020 _a3893310649
040 _cBPK
041 0 _ager
920 _a3-89331-064-9
942 _cKS
008 s gw f |000 0 ger
999 _c49463
_d49463
856 _uhttp://koha.tu.koszalin.pl/cgi-bin/koha/opac-detail.pl?biblionumber=49463
_yKatalog online BPK